ბათუმის შოთა რუსთაველის სახელმწიფო უნივერსიტეტის ბიბლიოთეკა

გზა გოლგოთისაკენ (ბიბ.ჩანაწერი № 49049)

000 -LEADER
fixed length control field 00732nam a2200229Ia 4500
001 - CONTROL NUMBER
control field 15955
003 - CONTROL NUMBER IDENTIFIER
control field GE_BSU
008 - FIXED-LENGTH DATA ELEMENTS--GENERAL INFORMATION
fixed length control field 181216s||||||||xx |||||||||||||| ||und||
040 ## - CATALOGING SOURCE
Transcribing agency GE_BSU
080 ## - UNIVERSAL DECIMAL CLASSIFICATION NUMBER
Universal Decimal Classification number 821.353.1-311.6
100 ## - MAIN ENTRY--PERSONAL NAME
Personal name ჯაფარიძე, რევაზ
245 ## - TITLE STATEMENT
Title გზა გოლგოთისაკენ
245 ## - TITLE STATEMENT
Remainder of title ამბავი
245 ## - TITLE STATEMENT
Statement of responsibility, etc. რედ.: მანანა სანადირაძე. მხ. მ. დედანაშვილი
260 ## - PUBLICATION, DISTRIBUTION, ETC.
Place of publication, distribution, etc. თბილისი
260 ## - PUBLICATION, DISTRIBUTION, ETC.
Name of publisher, distributor, etc. მერანი,
260 ## - PUBLICATION, DISTRIBUTION, ETC.
Date of publication, distribution, etc. 1992
300 ## - PHYSICAL DESCRIPTION
Extent 286გვ. ; 20სმ
653 ## - INDEX TERM--UNCONTROLLED
Uncontrolled term ამბავი
653 ## - INDEX TERM--UNCONTROLLED
Uncontrolled term გზა გოლგოთისაკენ
942 ## - ADDED ENTRY ELEMENTS (KOHA)
Koha item type წიგნი
ეგზემპლარები
Withdrawn status Lost status Damaged status Not for loan Date acquired Barcode Date last seen Price effective from Koha item type
        2018-12-17 39628 2018-12-17 2018-12-17 წიგნი
        2018-12-17 39629 2018-12-17 2018-12-17 წიგნი
        2018-12-17 39630 2018-12-17 2018-12-17 წიგნი
        2018-12-17 39631 2018-12-17 2018-12-17 წიგნი